[Event "11. Longericher Sommer-Open A"]
[Site "?"]
[Date "2014.08.01"]
[Round "1.1"]
[White "Jesse, Ingemars"]
[Black "Turco, Alfonso"]
[Result "1-0"]
[WhiteElo "2363"]
[BlackElo "2006"]
[PlyCount "57"]
[EventDate "2015.??.??"]
[WhiteTeam "SG Bochum 1931"]
[BlackTeam "Satranç Club 2000 e.V."]

1. Nf3 b6 2. g3 Bb7 3. Bg2 c5 4. O-O Nf6 5. c4 e6 6. Nc3 a6 7. Re1 Qc7 8. e4 d6
9. d4 cxd4 10. Nxd4 Nbd7 11. Be3 Be7 12. Rc1 O-O 13. f4 Rac8 14. g4 h6 15. g5
hxg5 16. fxg5 Nh7 17. g6 Nhf6 18. Bh3 d5 19. Nxe6 Qxc4 20. Nxf8 Rxf8 21. Nxd5
Qxe4 22. Bg2 Qxg2+ 23. Kxg2 Bxd5+ 24. Kg1 fxg6 25. Bd4 Bd6 26. Rf1 Bxa2 27.
Bxf6 Rxf6 28. Rxf6 Bc5+ 29. Rxc5 1-0

[Event "11. Longericher Sommer-Open A"]
[Site "?"]
[Date "2014.08.01"]
[Round "1.2"]
[White "Lambertz, Michael"]
[Black "Rotstein, Jefim"]
[Result "0-1"]
[WhiteElo "1995"]
[BlackElo "2356"]
[PlyCount "30"]
[EventDate "2015.??.??"]
[WhiteTeam "SF Esch e.V."]
[BlackTeam "SC Tornado 86 Hochneukirch"]

1. e4 c5 2. c3 Nf6 3. e5 Nd5 4. Bc4 Nc7 5. Nf3 b5 6. Bxf7+ Kxf7 7. Ng5+ Kg8 8.
Qf3 Qe8 9. e6 dxe6 10. d4 h6 11. Ne4 cxd4 12. Na3 Bb7 13. Nf6+ exf6 14. Qxb7
Qc6 15. Qc8 Nd7 0-1

[Event "11. Longericher Sommer-Open A"]
[Site "?"]
[Date "2014.08.01"]
[Round "1.3"]
[White "Khanukov, Boris"]
[Black "Gramb, Marius"]
[Result "1-0"]
[WhiteElo "2339"]
[BlackElo "1990"]
[PlyCount "95"]
[EventDate "2015.??.??"]
[WhiteTeam "Bahn-SC Wuppertal"]
[BlackTeam "Brühler SK 1920 e.V."]

1. d4 Nf6 2. Nf3 d5 3. c4 c6 4. e3 e6 5. Nc3 Be7 6. Bd3 dxc4 7. Bxc4 b5 8. Bd3
a6 9. O-O O-O 10. e4 Bb7 11. e5 Nd5 12. Ne4 Nd7 13. Bg5 c5 14. dxc5 Nxe5 15.
Nxe5 Bxg5 16. c6 Bc8 17. Nxg5 Qxg5 18. Nf3 Qf6 19. Qc2 h6 20. a3 e5 21. Rfe1
Re8 22. Bh7+ Kh8 23. Be4 Nc7 24. h3 Be6 25. Qc5 Bc4 26. Rad1 Qe7 27. Qxe7 Rxe7
28. Re3 f6 29. Nh4 Rf7 30. Bg6 Rff8 31. Rd7 Nd5 32. Re1 Rfd8 33. Bf5 Rxd7 34.
Bxd7 Nc7 35. f4 exf4 36. Ng6+ Kg8 37. Nxf4 Kf7 38. Re3 g5 39. Nh5 Kg6 40. g4
Nd5 41. Rf3 Rf8 42. b3 Be2 43. Rf2 Bd1 44. Rd2 Bxb3 45. Be6 Re8 46. Bxd5 Bxd5
47. Rxd5 Kf7 48. Rd7+ 1-0

[Event "11. Longericher Sommer-Open A"]
[Site "?"]
[Date "2014.08.01"]
[Round "1.4"]
[White "Statz, Samuel"]
[Black "Harff, Marcel"]
[Result "0-1"]
[WhiteElo "1982"]
[BlackElo "2325"]
[PlyCount "82"]
[EventDate "2015.??.??"]
[WhiteTeam "SV Erftstadt e.V."]
[BlackTeam "SG Hochneukirch"]

1. e3 e5 2. d4 e4 3. c4 c6 4. c5 b6 5. b4 a5 6. Qc2 f5 7. Bd2 axb4 8. Bxb4 Na6
9. Bxa6 Bxa6 10. Ne2 Nf6 11. Nbc3 bxc5 12. dxc5 Qb8 13. a3 Qe5 14. Rc1 Bxc5 15.
Bxc5 Qxc5 16. Nxe4 Qa5+ 17. Nd2 Bxe2 18. Kxe2 O-O 19. Ra1 f4 20. Qc4+ d5 21.
Qxc6 fxe3 22. fxe3 Rac8 23. Qe6+ Kh8 24. Rhf1 Qb5+ 25. Kd1 Rce8 26. Qd6 Qb2 27.
Rb1 Qxd2+ 28. Kxd2 Ne4+ 29. Ke2 Nxd6 30. Rxf8+ Rxf8 31. a4 Kg8 32. Rb4 Ne4 33.
Ke1 Ra8 34. Rd4 Ra5 35. Ke2 Kf7 36. Kf3 Ke6 37. Kf4 h5 38. g4 g5+ 39. Kf3 h4
40. Rb4 Ke5 41. h3 Ra7 0-1

[Event "11. Longericher Sommer-Open A"]
[Site "?"]
[Date "2014.08.01"]
[Round "1.5"]
[White "Lamprecht, Mark"]
[Black "Wolff, Michael"]
[Result "1-0"]
[WhiteElo "2190"]
[BlackElo "1955"]
[PlyCount "105"]
[EventDate "2015.??.??"]
[WhiteTeam "SF Lohmar 1974 e.V."]
[BlackTeam "Ford SF Köln e.V."]

1. c4 Nf6 2. Nc3 g6 3. e4 d6 4. g3 Bg7 5. Bg2 c5 6. Nge2 O-O 7. O-O Nbd7 8. d3
Rb8 9. Rb1 b6 10. h3 Bb7 11. a3 Ne8 12. f4 Nc7 13. Be3 e6 14. d4 Qe7 15. Qd2 f5
16. Rbd1 Rfd8 17. Rfe1 Nf6 18. e5 Ne4 19. Nxe4 Bxe4 20. Bxe4 fxe4 21. Qc2 d5
22. cxd5 Nxd5 23. Qxe4 Nxe3 24. Qxe3 cxd4 25. Rxd4 Bf8 26. b4 Qb7 27. Qb3 Kf7
28. Red1 Rxd4 29. Nxd4 Re8 30. Nf3 h6 31. Qd3 Be7 32. Qb3 b5 33. g4 Rd8 34.
Rxd8 Bxd8 35. Qd3 Qc8 36. Kh2 a6 37. h4 Be7 38. h5 Qg8 39. Qxg6+ Qxg6 40. hxg6+
Kxg6 41. Nd4 Kf7 42. Kg3 Bd8 43. Kf3 Bb6 44. Ke4 Ke7 45. f5 exf5+ 46. Nxf5+ Ke6
47. Nd4+ Ke7 48. Kd5 Kd7 49. Nf5 Bd8 50. e6+ Ke8 51. Kd6 Bg5 52. e7 Bf6 53. Ke6
1-0

[Event "11. Longericher Sommer-Open A"]
[Site "?"]
[Date "2014.08.01"]
[Round "1.6"]
[White "Herzum, Peter"]
[Black "Heinert, Eugen"]
[Result "1-0"]
[WhiteElo "1948"]
[BlackElo "2172"]
[PlyCount "59"]
[EventDate "2015.??.??"]
[WhiteTeam "Düsseldorfer SK 14/25 e."]
[BlackTeam "OSC Rheinhausen 04 e.V."]

1. e4 e6 2. d4 d5 3. Nc3 Bb4 4. exd5 exd5 5. Bd3 Nc6 6. a3 Be7 7. Nge2 Bf6 8.
O-O Nge7 9. Be3 O-O 10. Ng3 g6 11. Nce2 Bg7 12. c3 Bd7 13. Qc1 Na5 14. Bc2 Nc4
15. Bf4 Nc8 16. Bh6 f6 17. Bxg7 Kxg7 18. Nf4 c6 19. Re1 N4d6 20. b3 Ne7 21. Re6
Ne4 22. Bxe4 dxe4 23. Rxe4 Nd5 24. c4 Nc7 25. Qe3 Re8 26. Re1 Rxe4 27. Qxe4 Qf8
28. Qe7+ Qf7 29. Qb4 Re8 30. Rxe8 1-0

[Event "11. Longericher Sommer-Open A"]
[Site "?"]
[Date "2014.08.01"]
[Round "1.7"]
[White "Bröhl, Stephan"]
[Black "Maczkowiak, Thomas"]
[Result "1-0"]
[WhiteElo "2151"]
[BlackElo "1948"]
[PlyCount "45"]
[EventDate "2015.??.??"]
[WhiteTeam "SG Niederkassel"]
[BlackTeam "Märkischer Springer Halver-Schal"]

1. e4 c6 2. d4 d5 3. e5 Bf5 4. c4 dxc4 5. Bxc4 e6 6. Nc3 Ne7 7. Nge2 Nd5 8. O-O
Be7 9. Ng3 Bg6 10. f4 O-O 11. f5 exf5 12. Nxf5 Nxc3 13. bxc3 b5 14. Bb3 Na6 15.
a4 Bxf5 16. Rxf5 Nc7 17. Qg4 a6 18. Bh6 Ne8 19. Raf1 Kh8 20. Rxf7 Rxf7 21. Rxf7
g6 22. Qe6 Bg5 23. Rf8# 1-0

[Event "11. Longericher Sommer-Open A"]
[Site "?"]
[Date "2014.08.01"]
[Round "1.8"]
[White "Roefe, Detlef"]
[Black "Lenhardt, Manfred"]
[Result "0-1"]
[WhiteElo "1937"]
[BlackElo "2103"]
[PlyCount "118"]
[EventDate "2015.??.??"]
[WhiteTeam "SVigung 1928 Alsdorf e"]
[BlackTeam "SC Weisse Dame e.V."]

1. c4 e6 2. d3 d5 3. Nd2 Nf6 4. e3 Be7 5. Ngf3 O-O 6. Be2 b6 7. Qc2 Bb7 8. O-O
c5 9. Rd1 Nc6 10. a3 Qc7 11. b3 Rac8 12. Bb2 Rfe8 13. Nf1 Ng4 14. h3 Nge5 15.
Nxe5 Nxe5 16. Bxe5 Qxe5 17. Bf3 Rc7 18. Rab1 Rec8 19. Qe2 Bc6 20. Ng3 Rd7 21.
a4 Rcd8 22. Nf1 Ba8 23. Ng3 g6 24. Nf1 Bf6 25. g3 Kg7 26. Bg2 dxc4 27. Bxa8
Rxa8 28. dxc4 Rad8 29. Rxd7 Rxd7 30. Rd1 Rxd1 31. Qxd1 Qc3 32. Kg2 h5 33. h4
Qe5 34. Qd3 Qb2 35. Nh2 Qc3 36. Qxc3 Bxc3 37. Kf3 Kf6 38. Ke2 Kf5 39. Nf3 f6
40. Kd3 Ba1 41. Nh2 g5 42. hxg5 fxg5 43. e4+ Ke5 44. Nf3+ Kf6 45. Nh2 g4 46. f4
gxf3 47. Nxf3 Be5 48. Ke2 Bxg3 49. Kf1 h4 50. Kg2 Kg6 51. Kh3 Kh5 52. e5 a5 53.
Nd2 Kg5 54. Ne4+ Kf5 55. Nd6+ Kxe5 56. Nc8 Kd4 57. Nxb6 e5 58. Kg2 e4 59. Nd5
Kd3 0-1

[Event "11. Longericher Sommer-Open A"]
[Site "?"]
[Date "2014.08.01"]
[Round "1.9"]
[White "Evers, Leo"]
[Black "Schilling, Florian"]
[Result "1/2-1/2"]
[WhiteElo "2087"]
[BlackElo "1936"]
[PlyCount "138"]
[EventDate "2015.??.??"]
[WhiteTeam "SG Porz e.V."]
[BlackTeam "Vereinslos"]

1. d4 e6 2. c4 Nf6 3. g3 d5 4. Bg2 Be7 5. Nf3 O-O 6. O-O dxc4 7. Qc2 Nbd7 8.
Qxc4 Nb6 9. Qc2 Bd7 10. Ne5 Nfd5 11. a3 Bb5 12. Rd1 c6 13. e4 Nf6 14. Be3 Rc8
15. Nc3 Ba6 16. b4 Nfd7 17. Nxd7 Qxd7 18. Na4 Nxa4 19. Qxa4 Qc7 20. Rac1 Bb5
21. Qb3 Be2 22. Rd2 Bh5 23. d5 exd5 24. exd5 Rfd8 25. dxc6 bxc6 26. Rxc6 Qe5
27. Rxd8+ Rxd8 28. Rc1 a6 29. h3 h6 30. Qc4 a5 31. Bb6 Be2 32. Qe4 Qxe4 33.
Bxe4 Re8 34. Bc6 Rc8 35. Bxa5 Bg5 36. f4 Bf6 37. Re1 Rxc6 38. Rxe2 Rc3 39. Kg2
Rxa3 40. Bb6 Bc3 41. Bc5 Rb3 42. Re8+ Kh7 43. Re7 Bxb4 44. Bxb4 Rxb4 45. Rxf7
Kg6 46. Re7 Kf6 47. Re3 Rc4 48. Kf3 Rb4 49. g4 Rb5 50. Ra3 Rb6 51. Rd3 Re6 52.
h4 Kf7 53. Rd7+ Kg8 54. h5 Re1 55. Rd5 Kf7 56. Rf5+ Kg8 57. Re5 Rg1 58. g5 hxg5
59. fxg5 Kf7 60. Ke4 Re1+ 61. Kd5 Rd1+ 62. Kc6 Rh1 63. g6+ Kf6 64. Rd5 Rc1+ 65.
Kd7 Ra1 66. Ke8 Ra8+ 67. Rd8 Rxd8+ 68. Kxd8 Kg5 69. Ke7 Kxh5 1/2-1/2

[Event "11. Longericher Sommer-Open A"]
[Site "?"]
[Date "2014.08.01"]
[Round "1.10"]
[White "Schwark, Mario"]
[Black "van der Valk, Niklas"]
[Result "1/2-1/2"]
[WhiteElo "1933"]
[BlackElo "2087"]
[PlyCount "136"]
[EventDate "2015.??.??"]
[WhiteTeam "SG Kalker/Deutze"]
[BlackTeam "Godesberger SK 1929 e.V."]

1. d4 d5 2. Nf3 Nf6 3. c4 c6 4. Nc3 a6 5. cxd5 cxd5 6. Bf4 Nc6 7. Qb3 Na5 8.
Qc2 e6 9. e3 Bd6 10. Bxd6 Qxd6 11. Qa4+ Nc6 12. Ne5 O-O 13. Nxc6 Bd7 14. Qb4
Qxc6 15. Bd3 Rfc8 16. O-O Ne8 17. e4 dxe4 18. Bxe4 Qd6 19. Qb3 Nf6 20. Bf3 Bc6
21. Bxc6 Qxc6 22. Rfd1 Rd8 23. Na4 b5 24. Nc5 a5 25. Rac1 Rac8 26. Qe3 Qd5 27.
f3 Qxa2 28. b3 Qa3 29. Ra1 Qb4 30. Nb7 Rd7 31. Nxa5 h6 32. Qd2 Qxd2 33. Rxd2
Ra7 34. b4 Nd5 35. Rb1 Nxb4 36. Rxb4 Rxa5 37. Rdb2 Rb8 38. Kf2 Kf8 39. Ke3 Ke7
40. h4 g6 41. g4 f6 42. Ke4 Kd6 43. f4 f5+ 44. Kf3 Kd5 45. R2b3 Rb6 46. g5 h5
47. Ke3 Rb7 48. Kf3 Ra1 49. Ke3 Re1+ 50. Kd3 Rd1+ 51. Ke3 Kc6 52. Rc3+ Kb6 53.
Rc5 Ka5 54. Rb2 Rh1 55. Rc6 Re7 56. Rc3 Rxh4 57. Ra3+ Kb6 58. Ra8 Rh3+ 59. Kd2
Rh2+ 60. Kc3 Rxb2 61. Kxb2 Ra7 62. Rg8 h4 63. Rxg6 h3 64. Rxe6+ Kc7 65. Re1 h2
66. Rh1 Kd6 67. g6 Rg7 68. Rxh2 Rxg6 1/2-1/2

[Event "11. Longericher Sommer-Open A"]
[Site "?"]
[Date "2014.08.01"]
[Round "1.11"]
[White "Lindam, Ingo"]
[Black "Kuhn, Andreas"]
[Result "1/2-1/2"]
[WhiteElo "2076"]
[BlackElo "1926"]
[PlyCount "135"]
[EventDate "2015.??.??"]
[WhiteTeam "Kölner SK Dr. Lasker 186"]
[BlackTeam "SG Niederkassel"]

1. d4 d6 2. e4 Nf6 3. Nc3 Nbd7 4. Nf3 e5 5. Bc4 Be7 6. Bb3 O-O 7. O-O c6 8. a4
a5 9. h3 Qc7 10. Be3 exd4 11. Bxd4 Ne5 12. Nd2 Ng6 13. f4 Be6 14. Nc4 Bxc4 15.
Bxc4 d5 16. e5 dxc4 17. exf6 Bxf6 18. Bxf6 gxf6 19. Qd4 Rad8 20. Qxf6 Rd6 21.
Qg5 Qb6+ 22. Kh1 f5 23. Rad1 Rxd1 24. Nxd1 Qd4 25. h4 Qf6 26. Ne3 Kh8 27. Qxf6+
Rxf6 28. h5 Ne7 29. Nxc4 Rh6 30. Kg1 Nd5 31. g3 b6 32. Re1 Kg7 33. Re8 Rxh5 34.
Rb8 Rh6 35. Rb7+ Kf8 36. Ne5 c5 37. c4 Ne3 38. Nd7+ Ke8 39. Nxb6 Rh3 40. Kf2
Ng4+ 41. Ke1 Rxg3 42. Nc8 Rf3 43. Nd6+ Kd8 44. Nf7+ Kc8 45. Nd6+ Kd8 46. Rxh7
Rxf4 47. Nb7+ Kc8 48. Nxa5 Ne5 49. b3 Nf3+ 50. Kd1 Nd4 51. Nb7 Nxb3 52. Nd6+
Kb8 53. Rb7+ Ka8 54. Rxb3 Rd4+ 55. Ke2 Rxd6 56. Rb5 Ka7 57. Rxc5 f4 58. Rd5 Ra6
59. a5 Rc6 60. c5 Ra6 61. Kf3 Rxa5 62. Kxf4 Kb8 63. Ke5 Kc7 64. Ke6 Ra1 65. Rd4
Rh1 66. Kd5 Rh5+ 67. Kc4 Rh6 68. Kb5 {Ab hier ist die Notation unleserlich und
unlogisch. Zudem fehlt eine Notation.} 1/2-1/2

[Event "11. Longericher Sommer-Open A"]
[Site "?"]
[Date "2014.08.01"]
[Round "1.12"]
[White "Bieberle, Gerhart"]
[Black "Arlt, Klaus"]
[Result "1/2-1/2"]
[WhiteElo "1917"]
[BlackElo "2069"]
[PlyCount "108"]
[EventDate "2015.??.??"]
[WhiteTeam "Post-Telekom SV 1925 Aachen e.V."]
[BlackTeam "SF Köln-Mülheim"]

1. d4 Nf6 2. g3 g6 3. Bg2 Bg7 4. c4 c5 5. d5 d6 6. Nc3 O-O 7. h3 Na6 8. e4 Nd7
9. Nge2 Ne5 10. Qb3 Nd3+ 11. Kf1 f5 12. Nd1 fxe4 13. Bxe4 Nxc1 14. Rxc1 Nc7 15.
Ndc3 Rb8 16. Kg2 Bd7 17. Qc2 a6 18. b3 b5 19. f3 bxc4 20. bxc4 Qe8 21. Rb1 Qf7
22. Rxb8 Rxb8 23. Rb1 Qf8 24. Rxb8 Qxb8 25. a3 Qb6 26. h4 Be8 27. h5 Qb8 28.
hxg6 Bxg6 29. Bxg6 hxg6 30. Nf4 Bxc3 31. Qxc3 Qb1 32. Qd3 Qxd3 33. Nxd3 Na8 34.
f4 Nb6 35. Nb2 Kf7 36. Kf3 e6 37. Ke4 exd5+ 38. cxd5 Kg7 39. g4 g5 40. f5 Nd7
41. Nc4 Nf6+ 42. Kf3 Nxd5 43. Nxd6 Nc3 44. Ne4 Nb1 45. Nxc5 Nxa3 46. Nxa6 Nc4
47. Nc5 Ne5+ 48. Kg3 Nf7 49. Ne4 Kf8 50. f6 Kg8 51. Nxg5 Nxg5 52. Kf4 Ne6+ 53.
Kf5 Kf7 54. g5 Nf8 1/2-1/2

[Event "11. Longericher Sommer-Open A"]
[Site "?"]
[Date "2014.08.01"]
[Round "1.13"]
[White "Walter, Andreas"]
[Black "Kossack, Philipp"]
[Result "1/2-1/2"]
[WhiteElo "2056"]
[BlackElo "1913"]
[PlyCount "57"]
[EventDate "2015.??.??"]
[WhiteTeam "SV Dinslaken 1923 e.V."]
[BlackTeam "SG Porz e.V."]

1. Nf3 Nf6 2. c4 g6 3. Nc3 Bg7 4. e4 d6 5. d4 O-O 6. Be2 e5 7. O-O Nc6 8. Be3
Ng4 9. Bg5 f6 10. Bc1 f5 11. Bg5 Nf6 12. dxe5 dxe5 13. Qxd8 Nxd8 14. exf5 e4
15. Nd2 gxf5 16. f3 Re8 17. fxe4 Nxe4 18. Ndxe4 fxe4 19. Bh5 Re5 20. Bxd8 Rxh5
21. Nxe4 Bxb2 22. Rae1 Rf5 23. Bf6 Ba3 24. Bd4 Rxf1+ 25. Rxf1 Be7 26. Bf6 Bb4
27. Be5 Be7 28. Bxc7 Be6 29. c5 1/2-1/2

[Event "11. Longericher Sommer-Open A"]
[Site "?"]
[Date "2014.08.01"]
[Round "1.14"]
[White "Hoffmann, Philipp"]
[Black "Arold, Gerhard"]
[Result "1/2-1/2"]
[WhiteElo "1907"]
[BlackElo "2026"]
[PlyCount "56"]
[EventDate "2015.??.??"]
[WhiteTeam "Oberbilker SV 1960"]
[BlackTeam "Elberfelder SG"]

1. e4 e5 2. f4 Bc5 3. Nf3 d6 4. Bc4 Nf6 5. Nc3 Nc6 6. d3 a6 7. h3 h6 8. Ne2 Qe7
9. a3 Be6 10. Bxe6 Qxe6 11. b4 Bb6 12. Bd2 Nd7 13. f5 Qe7 14. c4 Nd4 15. Nfxd4
Bxd4 16. Nxd4 Qh4+ 17. Ke2 exd4 18. Qe1 Qxe1+ 19. Raxe1 Ne5 20. g4 Ke7 21. Reg1
f6 22. h4 Kf7 23. g5 hxg5 24. hxg5 fxg5 25. Bxg5 Rag8 26. Bf4 Kf6 27. Bg5+ Kf7
28. Bf4 Kf6 1/2-1/2

[Event "11. Longericher Sommer-Open A"]
[Site "?"]
[Date "2014.08.01"]
[Round "1.15"]
[White "Schäfers, Andreas"]
[Black "Küpper, Martin"]
[Result "1-0"]
[WhiteElo "2023"]
[BlackElo "1904"]
[PlyCount "101"]
[EventDate "2015.??.??"]
[WhiteTeam "SV Koblenz 03/25"]
[BlackTeam "SC Fulda"]

1. d4 Nf6 2. Nf3 g6 3. c4 Bg7 4. Nc3 d5 5. e3 O-O 6. Qb3 c6 7. Bd2 a6 8. a4 Ne4
9. cxd5 Nxd2 10. Nxd2 cxd5 11. Qxd5 Qb6 12. Qb3 Qa5 13. Be2 Nc6 14. Bf3 e5 15.
d5 Nb4 16. Nc4 Nd3+ 17. Ke2 Qb4 18. Qxb4 Nxb4 19. Rhd1 f5 20. e4 Nc2 21. Rac1
Nd4+ 22. Kf1 b5 23. Nb6 Rb8 24. Nxc8 Rbxc8 25. axb5 axb5 26. Na2 Ra8 27. Nb4
fxe4 28. Bxe4 Ra4 29. Nc6 Ra2 30. Rb1 Kf7 31. Nxd4 exd4 32. Bd3 b4 33. Rdc1 Be5
34. Rc4 Rb8 35. g3 Ra7 36. f4 Bf6 37. Rbc1 Ke7 38. Rc6 Rd7 39. Re1+ Kf7 40.
Rec1 Ke7 41. Re1+ Kf7 42. b3 Re7 43. Bc4 Rxe1+ 44. Kxe1 Bd8 45. Kd2 Rb6 46. Rc8
Ke7 47. Kd3 Kd7 48. Ra8 h5 49. Kxd4 g5 50. Kc5 gxf4 51. Rxd8+ 1-0

[Event "11. Longericher Sommer-Open A"]
[Site "?"]
[Date "2014.08.01"]
[Round "1.16"]
[White "Zilberman, Rodion"]
[Black "Leontiev, Oleg"]
[Result "1/2-1/2"]
[WhiteElo "1776"]
[BlackElo "1900"]
[PlyCount "103"]
[EventDate "2015.??.??"]
[WhiteTeam "SF Köln-Longerich 195"]
[BlackTeam "1. Schach-Klub Troisdorf e.V."]

1. d4 Nf6 2. c4 g6 3. Nc3 d5 4. Nf3 Bg7 5. Qb3 dxc4 6. Qxc4 O-O 7. e4 c6 8. Qb3
Nfd7 9. Be3 e5 10. d5 Qa5 11. Nd2 cxd5 12. Qxd5 Nc6 13. Qxa5 Nxa5 14. Nc4 Nc6
15. O-O-O b6 16. Nd6 Nf6 17. f3 Be6 18. Bc4 Bxc4 19. Nxc4 Rfd8 20. Rxd8+ Rxd8
21. Rd1 Rxd1+ 22. Kxd1 Bf8 23. a3 Nd7 24. b4 f6 25. Kc2 Kf7 26. Kd3 Ke6 27. Nd5
Bd6 28. Nxd6 Kxd6 29. Kc4 f5 30. Nc3 Nf6 31. Bg5 Nd7 32. Be3 Nf8 33. a4 Ne6 34.
g3 Ncd4 35. Bxd4 Nxd4 36. Nb5+ Nxb5 37. Kxb5 h5 38. h3 Ke6 39. Ka6 g5 40. Kxa7
g4 41. exf5+ Kxf5 42. hxg4+ hxg4 43. fxg4+ Kxg4 44. Kxb6 e4 45. a5 e3 46. a6 e2
47. a7 e1=Q 48. a8=Q Qxb4+ 49. Kc7 Qc3+ 50. Qc6 Qxg3+ 51. Qd6 Qxd6+ 52. Kxd6
1/2-1/2

[Event "11. Longericher Sommer-Open A"]
[Site "?"]
[Date "2014.08.01"]
[Round "1.17"]
[White "Heyn, Peter"]
[Black "Gnass, Arno"]
[Result "1/2-1/2"]
[WhiteElo "1882"]
[BlackElo "1761"]
[PlyCount "112"]
[EventDate "2015.??.??"]
[WhiteTeam "Düsseldorfer SV 1854"]
[BlackTeam "Turnerschaft Bergisch Gladbach 1"]

1. d4 Nf6 2. Nf3 g6 3. c4 Bg7 4. Nc3 d5 5. cxd5 Nxd5 6. e4 Nxc3 7. bxc3 O-O 8.
Be2 c5 9. O-O Nc6 10. Be3 Qa5 11. Qb3 Rd8 12. Rad1 cxd4 13. cxd4 Qb4 14. h3
Qxb3 15. axb3 b6 16. d5 Nb4 17. Rc1 Ba6 18. Bxa6 Nxa6 19. Rc6 f5 20. exf5 gxf5
21. Bg5 Rxd5 22. Bxe7 Re8 23. Bg5 Rc5 24. Rd6 Rec8 25. Nh4 Bf8 26. Rd3 Rc3 27.
Rxc3 Rxc3 28. Ra1 Nc5 29. Rxa7 Ne6 30. Bf6 Rc1+ 31. Kh2 Bd6+ 32. g3 Rc2 33. Kg2
Bc5 34. Be5 Rxf2+ 35. Kh1 Rf1+ 36. Kg2 Rf2+ 37. Kh1 b5 38. Ra6 Rf1+ 39. Kg2
Rf2+ 40. Kh1 Ng5 41. Rf6 Nf7 42. Bf4 Be7 43. Rxf5 Bxh4 44. gxh4 Rf3 45. b4
Rxh3+ 46. Kg2 Rxh4 47. Kg3 Rh1 48. Rxb5 Rb1 49. Rb7 Kg7 50. b5 Kg6 51. b6 Rb3+
52. Kg2 Rb4 53. Bc7 Rb2+ 54. Kf1 h5 55. Ra7 Nd6 56. Bxd6 Rxb6 1/2-1/2

[Event "11. Longericher Sommer-Open A"]
[Site "?"]
[Date "2014.08.01"]
[Round "1.18"]
[White "Alexopoulos, Spiros Orestis"]
[Black "Hennig, Edgar"]
[Result "0-1"]
[WhiteElo "1761"]
[BlackElo "1882"]
[PlyCount "105"]
[EventDate "2015.??.??"]
[WhiteTeam "Aachener SV 1856 e.V."]
[BlackTeam "Satranç Club 2000 e.V."]

1. c4 e5 2. Nc3 Nf6 3. e4 Bc5 4. g3 d6 5. h3 Nc6 6. Bg2 Be6 7. d3 a6 8. Nge2
Nd4 9. O-O Qd7 10. Kh2 Ng8 11. f4 f6 12. Nxd4 Bxd4 13. f5 Bf7 14. g4 g5 15.
fxg6 hxg6 16. Nd5 Bxd5 17. cxd5 O-O-O 18. Bd2 Rh7 19. Rc1 Rf8 20. Ba5 Qb5 21.
Qd2 Kb8 22. Bc3 Bb6 23. Bf3 Ne7 24. Be2 Rfh8 25. Rf3 Qd7 26. Rg3 Bf2 27. Bf1
Bxg3+ 28. Kxg3 f5 29. Ba5 f4+ 30. Kf2 b6 31. d4 Qa4 32. Bc3 g5 33. dxe5 Rc8 34.
Bg2 dxe5 35. Bxe5 Ng6 36. Bd4 Nh4 37. Bf1 f3 38. b3 Qe8 39. Bxa6 Rd8 40. Qb4
Qxe4 41. Rc6 Qxd5 42. Rc4 Qd6 43. Qxd6 Rxd6 44. Bb5 Kb7 45. Be5 Rd2+ 46. Kf1 c5
47. Ra4 Rd1+ 48. Kf2 Rh6 49. Ba6+ Kc6 50. Bc4 Ng6 51. Bb8 Rxh3 52. Ra7 Rd2+ 53.
Ke3 0-1

[Event "11. Longericher Sommer-Open A"]
[Site "?"]
[Date "2014.08.01"]
[Round "1.19"]
[White "Ramien, David"]
[Black "Runte, Dirk"]
[Result "1-0"]
[WhiteElo "1880"]
[BlackElo "1758"]
[PlyCount "27"]
[EventDate "2015.??.??"]
[WhiteTeam "SG Porz e.V."]
[BlackTeam "SV Fideler Bauer Lever"]

1. e4 c5 2. Nf3 d6 3. Nc3 g6 4. d4 cxd4 5. Nxd4 Bg7 6. Be3 Nc6 7. Be2 Nxd4 8.
Bxd4 Bxd4 9. Qxd4 Nf6 10. O-O-O O-O 11. e5 Ne8 12. h4 Qa5 13. Nd5 dxe5 14. Qxe5
1-0

[Event "11. Longericher Sommer-Open A"]
[Site "?"]
[Date "2014.08.01"]
[Round "1.20"]
[White "Ringeltaube, Denny"]
[Black "Hajek, Florian"]
[Result "0-1"]
[WhiteElo "1754"]
[BlackElo "1879"]
[PlyCount "56"]
[EventDate "2015.??.??"]
[WhiteTeam "Klub Kölner SF e.V. 1"]
[BlackTeam "Pulheimer Sport-Club 1924/57 e.V"]

1. e4 c5 2. Nc3 Nc6 3. f4 g6 4. Nf3 Bg7 5. Bb5 Nd4 6. O-O Nxb5 7. Nxb5 d6 8. d3
a6 9. Nc3 e6 10. Qe1 Ne7 11. Kh1 O-O 12. Qh4 f5 13. Bd2 Nc6 14. Qe1 Nd4 15.
Nxd4 Bxd4 16. Nd1 Bg7 17. Bc3 fxe4 18. Bxg7 Kxg7 19. dxe4 Bd7 20. Nc3 Bc6 21.
Rd1 Qc7 22. Qg3 Rad8 23. h4 d5 24. exd5 exd5 25. Rfe1 Qxf4 26. Re7+ Kg8 27. Qh3
Qf5 28. Qe3 d4 0-1

[Event "11. Longericher Sommer-Open A"]
[Site "?"]
[Date "2014.08.01"]
[Round "1.21"]
[White "Gelsok, Philipp"]
[Black "Wärtsch, Michael"]
[Result "1/2-1/2"]
[WhiteElo "1877"]
[BlackElo "1743"]
[PlyCount "113"]
[EventDate "2015.??.??"]
[WhiteTeam "Bergische SF 1923 Ber"]
[BlackTeam "SG Lüdenscheid e"]

1. d4 d5 2. c4 c6 3. Nf3 Nf6 4. Nc3 a6 5. cxd5 cxd5 6. Bf4 Bf5 7. e3 e6 8. Be2
Bd6 9. Bg3 O-O 10. Ne5 Nc6 11. f4 Rc8 12. O-O b5 13. Bh4 Na5 14. g4 Be4 15. g5
Nd7 16. Nxe4 dxe4 17. Qb1 Nxe5 18. fxe5 Be7 19. Qxe4 Bxg5 20. Bd3 g6 21. Rf6
Bxh4 22. Qxh4 Nc6 23. Raf1 Nxe5 24. Bxb5 axb5 25. dxe5 Qd2 26. R6f3 Rc1 27. Qd4
Rxf1+ 28. Rxf1 Rd8 29. Qf4 Rd7 30. Rf2 Qc1+ 31. Kg2 Qc5 32. h4 h5 33. a3 Qc7
34. e4 Rd4 35. Qf3 Rc4 36. Kh3 Qb7 37. Re2 Qc7 38. Qf4 Rc2 39. Qf2 Rxe2 40.
Qxe2 Qxe5 41. Qc2 Qf4 42. Qe2 Kg7 43. b3 Kh6 44. a4 bxa4 45. bxa4 Qe5 46. Qc4
g5 47. hxg5+ Qxg5 48. Qd4 Qg4+ 49. Kh2 Qf4+ 50. Kh3 e5 51. Qd6+ Kg7 52. Qd3
Qg4+ 53. Kh2 Kh7 54. a5 Qh4+ 55. Kg2 Qg4+ 56. Kh2 Qh4+ 57. Kg2 1/2-1/2

[Event "11. Longericher Sommer-Open A"]
[Site "?"]
[Date "2014.08.01"]
[Round "1.22"]
[White "Meyer, Stefan"]
[Black "Milde, Mathias"]
[Result "1/2-1/2"]
[WhiteElo "1740"]
[BlackElo "1848"]
[PlyCount "57"]
[EventDate "2015.??.??"]
[WhiteTeam "SV Grevenbroich 1953"]
[BlackTeam "SV Wiehl 1923 e.V."]

1. d4 Nf6 2. c4 e6 3. Nc3 Bb4 4. Bg5 h6 5. Bh4 d5 6. e3 Nbd7 7. Bd3 O-O 8. a3
Bxc3+ 9. bxc3 c6 10. cxd5 exd5 11. Ne2 Re8 12. O-O Nf8 13. Qc2 Bg4 14. h3 Bh5
15. Bg3 Ne4 16. Bxe4 Rxe4 17. Nf4 Bg6 18. Nxg6 Nxg6 19. c4 Nh4 20. Bxh4 Rxh4
21. c5 Qg5 22. Kh2 Re8 23. Rab1 Qe7 24. Rb3 Re4 25. Rfb1 Qc7+ 26. Kg1 Rb8 27.
a4 Re6 28. Qb2 Re7 29. Qd2 1/2-1/2

[Event "11. Longericher Sommer-Open A"]
[Site "?"]
[Date "2014.08.01"]
[Round "1.23"]
[White "Rummelshaus, Heinz"]
[Black "Schumacher, Markus"]
[Result "1/2-1/2"]
[WhiteElo "1845"]
[BlackElo "1721"]
[PlyCount "51"]
[EventDate "2015.??.??"]
[WhiteTeam "Düsseldorfer SV 1854"]
[BlackTeam "Godesberger SK 1929 e.V."]

1. f4 Nh6 2. g3 g6 3. Bg2 Bg7 4. Nf3 d6 5. O-O O-O 6. e4 c5 7. Nc3 Nc6 8. d3 f5
9. Be3 Rb8 10. Rb1 Ng4 11. Bf2 e5 12. fxe5 Nxf2 13. Rxf2 Nxe5 14. Nxe5 Bxe5 15.
Kh1 f4 16. gxf4 Rxf4 17. Rxf4 Bxf4 18. Qf3 Qh4 19. h3 Qg3 20. Qxg3 Bxg3 21. Ne2
Be5 22. c3 Bd7 23. d4 cxd4 24. cxd4 Bg7 25. Rd1 b6 26. Nc3 1/2-1/2

[Event "11. Longericher Sommer-Open A"]
[Site "?"]
[Date "2014.08.01"]
[Round "1.24"]
[White "Karwatzki, Hans-Jürgen"]
[Black "Kemper, Michael"]
[Result "1-0"]
[WhiteElo "1702"]
[BlackElo "1839"]
[PlyCount "65"]
[EventDate "2015.??.??"]
[WhiteTeam "Vereinigung der Schachsportfreun"]
[BlackTeam "SV Bayer Dormagen 47"]

1. e4 c5 2. Nc3 e6 3. f4 a6 4. Nf3 b5 5. b3 Bb7 6. d3 g6 7. Bb2 Bg7 8. e5 Ne7
9. Ne4 Bxe4 10. dxe4 Qb6 11. c4 O-O 12. Qd2 Qb7 13. Qc2 Nbc6 14. cxb5 Nb4 15.
Qe2 axb5 16. a3 Na6 17. g4 c4 18. b4 Rac8 19. Rc1 c3 20. Rxc3 Rxc3 21. Bxc3 Rc8
22. Bb2 Rc4 23. Kf2 Rxe4 24. Qxb5 Qa7+ 25. Kg3 Qe3 26. Qd3 Qxf4+ 27. Kf2 Nd5
28. Bc1 Qxg4 29. Rg1 Naxb4 30. axb4 Nf4 31. Qxe4 Nh3+ 32. Ke3 Bh6+ 33. Kd4 1-0